|
|
|
|
| LEADER |
00000nam a2200000 4500 |
| 001 |
vtls011913608 |
| 003 |
SK-MaSNL |
| 005 |
20260301190015.0 |
| 008 |
200127s2019 xo a b 000 0 slo |
| 015 |
|
|
|a SNBA2021/03
|
| 020 |
|
|
|a 9788089248377
|q (voľné listy )
|z 9788089248681
|
| 040 |
|
|
|a SNK
|b slo
|c SNK
|e rda
|
| 041 |
0 |
|
|a slo
|
| 044 |
|
|
|a xo
|c SK
|
| 072 |
|
7 |
|a 376
|x Výchova a vzdelávanie zvláštnych skupín osôb
|2 konspekt
|
| 080 |
|
|
|a 316.344.6-056.264-053.2
|2 2011
|
| 080 |
|
|
|a (075.2)
|2 2011
|
| 080 |
|
|
|a (076.1)
|2 2011
|
| 080 |
|
|
|a 81'233
|2 2011
|
| 080 |
|
|
|a 316.77:81'42
|2 2011
|
| 080 |
|
|
|a 616.89-008.434.3
|2 2011
|
| 080 |
|
|
|a 316.344.6-056.263-053.2
|2 2011
|
| 100 |
1 |
|
|a Hlinková, Viktória
|4 aut
|9 44256
|
| 245 |
1 |
0 |
|a Kolotoč
|b pracovné listy pre prípravný a 1. ročník ZŠ pre nehovoriacich, pre nižší a stredný stupeň pomocných škôl, pre 1.-5. ročník ILS osobitných škôl, pre 1.-3. ročník ZŠ pre sluchovo postihnutých
|c Viktória Hlinková, Paula Pravňanská ; ilustrácie: Eva Kočanová
|
| 264 |
|
1 |
|a Bratislava
|b Proxima Press
|c 2019
|
| 300 |
|
|
|a 92 listov
|b farebné ilustrácie
|c 30 cm
|
| 336 |
|
|
|a statický obraz
|b sti
|2 rdacontent
|
| 337 |
|
|
|a bez média
|b n
|2 rdamedia
|
| 337 |
|
|
|a text
|b txt
|2 rdacontent
|
| 500 |
|
|
|a Voľné listy v prebale
|
| 500 |
|
|
|a Chybný čiarový kód EAN
|
| 650 |
0 |
7 |
|a poruchy reči u detí
|2 SNKPH
|9 1090
|
| 650 |
0 |
7 |
|a Speech disorders in children
|2 SNKPHeng
|9 336612
|
| 650 |
0 |
7 |
|a rečové zručnosti
|2 SNKPH
|9 68317
|
| 650 |
0 |
7 |
|a Speech ability
|2 SNKPHeng
|9 313019
|
| 650 |
0 |
7 |
|a komunikačné zručnosti
|2 SNKPH
|9 2691
|
| 650 |
0 |
7 |
|a Communication skills
|2 SNKPHeng
|9 306573
|
| 650 |
0 |
7 |
|a dysfázia
|2 SNKPH
|9 22308
|
| 650 |
0 |
7 |
|a nepočujúce deti
|2 SNKPH
|9 1081
|
| 650 |
0 |
7 |
|a Dysphasia
|2 SNKPHeng
|9 428271
|
| 650 |
0 |
7 |
|a Deaf children
|2 SNKPHeng
|9 418476
|
| 655 |
|
7 |
|a učebnice špeciálnych základných škôl
|2 SNKPH
|9 70204
|
| 655 |
|
7 |
|a pracovné listy
|2 SNKPH
|9 70565
|
| 655 |
|
7 |
|a Textbooks (elementary)
|2 SNKPHeng
|9 276977
|
| 655 |
|
7 |
|a Activity books
|2 SNKPHeng
|9 302885
|
| 700 |
1 |
|
|a Pravňanská, Paula
|4 aut
|9 46397
|
| 700 |
1 |
|
|a Kočanová, Eva,
|d 1967-
|4 ill
|9 88122
|
| 919 |
|
|
|a 978-80-89248-37-7
|
| 999 |
|
|
|c 866021
|d 867951
|
| 952 |
|
|
|a SNK
|b SNK
|y PREZ
|7 0
|p 17A1416573
|o snkOSB 19862
|i snk2020/4888
|8 0
|0 0
|1 0
|4 0
|d 2020-02-26
|f 1
|l 0
|r 2026-02-24 05:26:35
|w 2026-02-24
|
| 952 |
|
|
|a SNK
|b SNK
|y PREZ
|7 0
|p 17A1416574
|o snkOSB 19862 D1
|i snk2020/4889
|8 0
|0 0
|1 0
|4 0
|d 2020-02-26
|l 0
|r 2026-02-24 05:26:35
|w 2026-02-24
|